2014 FIBA Basketbal World Cup - Countries Qualified - Statistics

General Stats
  • This quiz has been taken 226 times
  • The average score is 19 of 24
Answer Stats
Event Country % Correct
2012 Olympics USA
99%
FIBA Eurobasket 2013 France
97%
Host nation Spain
97%
2013 FIBA Americas Championship Argentina
95%
2013 FIBA Oceania Championship Australia
95%
Wild Cards Brazil
95%
2013 FIBA Oceania Championship New Zealand
91%
FIBA Eurobasket 2013 Serbia
88%
Wild Cards Greece
84%
FIBA Eurobasket 2013 Lithuania
84%
FIBA Eurobasket 2013 Croatia
83%
2013 FIBA Americas Championship Mexico
82%
2013 FIBA Asia Championship Iran
78%
FIBA Eurobasket 2013 Slovenia
76%
2013 FIBA Asia Championship South Korea
76%
Wild Cards Turkey
76%
2013 FIBA Africa Championship Egypt
74%
2013 FIBA Africa Championship Senegal
67%
2013 FIBA Africa Championship Angola
66%
2013 FIBA Americas Championship Puerto Rico
65%
FIBA Eurobasket 2013 Ukraine
65%
2013 FIBA Asia Championship Philippines
62%
2013 FIBA Americas Championship Dominican Republic
59%
Wild Cards Finland
56%
No matching quizzes found
Score Distribution
Percent of People with Each Score
Percentile by Number Answered
Your Score History
You have not taken this quiz